| 000 | 00916cab a2200253 4500 | ||
|---|---|---|---|
| 001 | WB3413-41 | ||
| 008 | 090401t1998 xxu||||| |||| 00| 0 eng d | ||
| 035 | _a(Sirsi) u85376 | ||
| 041 | _aeng | ||
| 245 | _aCompromise | ||
| 260 | _c1998 | ||
| 350 | _a0 | ||
| 490 |
_aEstates Gazette Case Summaries _v(1998) EGCS 47 1/4/98 |
||
| 520 | _a"Clarke v Nationwide Building Society" CA 17 March 1998. Acceptance by letter of an amount of money as a goodwill gesture using the term `in full and final settlement of this matter` did not imply a contractual term. Therefore the letter did not constitute an offer of compromise. | ||
| 650 | _aCLARKE V NATIONWIDE BUILDING SOCIETY | ||
| 650 | _aGOODWILL | ||
| 650 | _aLETTERS | ||
| 650 | _aMORTGAGE VALUATION | ||
| 650 | _aNEGLIGENCE | ||
| 650 | _aREFUND | ||
| 690 | _aMANAGEMENT-BUSINESS MANAGEMENT-PROFESSIONAL PRACTICE | ||
| 942 | _n0 | ||
| 948 | _c01/04/1998 | ||
| 999 |
_c53685 _d53685 |
||